00850nam a22002537a 450000500170000001000130001702000100003003500130004003700160005304000120006908200150008110000250009624501130012125000120023426000360024627000370028230000220031965000230034165000420036470000180040694200240042499900190044895201290046720170124110227.0 aB-025924 c80.00 aB-025924 bCen Lib/Ret aDPLbEN a351.1bMUT aMuthuswamy, 9137669 aSwamy's compilation of FRSR Part v HRA and CCA :cby Muthuswamy [and] Brindabapproved as a reference book / a16th ed aChennaibSwamy Publishersc2000 aR.K. Mutt Road bChennaie600028 a158p. c21cm(pbk) aEconomics 9137670 aFRs & SRs and SAS examination 940967 aBrinda939133 2ddccENh351.1mMUT c134519d134519 001040718REFaLbLd2015-07-30eCen Lib/Retg80.00l0o351.1 MUTpB-025924r2015-07-30 00:00:00t1v80.00w2015-07-30yEN